Movies Quiz

Random Movies or Oscar Quiz

Best Sup. Actor Oscar Nominees (90s) Quiz Stats

 Plays Quiz Updated Apr 5, 2019

Score 0/50 Timer 08:00
4 Plays Today
Movie Actor % Correct
Good Will Hunting*Robin Williams
83.6%
Pulp FictionSamuel L. Jackson
81.2%
Jerry Maguire*Cuba Gooding Jr.
81%
Goodfellas*Joe Pesci
79.2%
A Few Good MenJack Nicholson
78.3%
The Usual Suspects*Kevin Spacey
75.9%
JFKTommy Lee Jones
74%
The Fugitive*Tommy Lee Jones
74%
MagnoliaTom Cruise
73.6%
Dick TracyAl Pacino
73%
Glengarry Glen RossAl Pacino
73%
12 MonkeysBrad Pitt
72.2%
What's Eating Gilbert Grape?Leonardo DiCaprio
71%
Apollo 13Ed Harris
63.8%
The Truman ShowEd Harris
63.8%
The Sixth SenseHaley Joel Osment
61%
Schindler's ListRalph Fiennes
60.1%
The Cider House Rules*Michael Caine
59.1%
Forrest GumpGary Sinise
58.9%
The Talented Mr. RipleyJude Law
58%
Unforgiven*Gene Hackman
55.2%
FargoWilliam H. Macy
51.7%
Boogie NightsBurt Reynolds
48.9%
City Slickers*Jack Palance
48.7%
The Green MileMichael Clarke Duncan
47.6%
Movie Actor % Correct
As Good As It GetsGreg Kinnear
47%
Primal FearEdward Norton
46.5%
The Godfather Part IIIAndy Garcia
46.1%
Shakespeare in LoveGeoffrey Rush
38.4%
Ed Wood*Martin Landau
38.2%
In the Line of FireJohn Malkovich
35.8%
AmistadAnthony Hopkins
34.5%
BabeJames Cromwell
33.5%
BugsyBen Kingsley
28.3%
A Simple PlanBilly Bob Thornton
28.3%
A Civil ActionRobert Duvall
27%
Rob RoyTim Roth
21.7%
Dances With WolvesGraham Greene
21.7%
Affliction*James Coburn
20.9%
Ghosts of MississippiJames Woods
19.5%
Jackie BrownRobert Forster
17.4%
BugsyHarvey Keitel
15.3%
The Crying GameJaye Davidson
15.2%
In the Name of the FatherPete Postlethwaite
14.7%
Longtime CompanionBruce Davison
11%
Mr. Saturday NightDavid Paymer
10.9%
Bullets Over BroadwayChazz Palminteri
10.3%
Quiz ShowPaul Scofield
10.3%
ShineArmin Mueller-Stahl
7.7%
Barton FinkMichael Lerner
7.6%

You're not logged in!

Compare scores with friends on all Sporcle quizzes.
OR
Log In

Sporcle TV

Today on Sporcle TV


Watch our educational content, quiz creation guides, and fun videos on Sporcle TV.

Show Comments

Extras

Top Quizzes Today


Score Distribution

Your Account Isn't Verified!

In order to create a playlist on Sporcle, you need to verify the email address you used during registration. Go to your Sporcle Settings to finish the process.

Report this User

Report this user for behavior that violates our Community Guidelines.

Details: